000 00671nam a2200241Ia 4500
003 OSt
005 20220918201644.0
006 a|||||r|||| 00| 0
007 ta
008 220917b |||||||| |||| 00| 0 eng d
024 _a95,478
037 _cTextual
040 _aARTS
_cARTS
_beng
041 _2eng
_aeng
082 _aV2:1:A, L3.2,1;1-.2,2-;1
100 _aWheeler J Talboys
245 0 _aIndia of the Brahmanic age
_b with reference to the Ramayana
260 _c1973
490 _aBeing v 2 of the History of India
650 _aHISTORY
942 _hV2:1:A, L3.2,1;1-.2,2-;1
_cTEXL
_2CC
999 _c219099
_d219099